[Event "BCF-chT2 1617 (4NCL) Demotion pool"]
[Site "England"]
[Date "2017.04.30"]
[Round "10.71"]
[White "Jones, Steven"]
[Black "Buckley, David"]
[Result "1/2-1/2"]
[WhiteElo "2177"]
[BlackElo "2244"]
[PlyCount "55"]
[EventDate "2016.11.19"]
[EventType "team-tourn"]
[EventRounds "11"]
[EventCountry "ENG"]
[SourceTitle "EXT 2019"]
[Source "ChessBase"]
[SourceDate "2018.10.10"]
[SourceVersion "1"]
[SourceVersionDate "2018.10.10"]
[SourceQuality "1"]
[WhiteTeam "Bradford DCA Knights"]
[BlackTeam "Downend & Fishponds"]
[WhiteTeamCountry "ENG"]
[BlackTeamCountry "ENG"]

1. Nf3 d5 2. c4 d4 3. b4 f6 4. e3 e5 5. c5 a5 6. Bc4 axb4 7. Qb3 Nh6 8. exd4 exd4 9. d3 Bxc5 10. Bxh6 gxh6 11. 0-0 Nc6 12. Re1+ Kf8 13. Nbd2 Kg7 14. Rac1 Ra3 15. Qc2 Rc3 16. Qb2 Na5 17. Be6 Bxe6 18. Rxe6 Re8 19. Rxe8 Qxe8 20. Ne4 Rxc1+ 21. Qxc1 Bb6 22. Qf4 Qe6 23. Nxd4 Bxd4 24. Qxc7+ Kg6 25. Qg3+ Kf7 26. Qc7+ Kg6 27. Qg3+ Kf7 28. Qc7+ 1/2-1/2

[Event "BCF-chT2 1617 (4NCL) Demotion pool"]
[Site "England"]
[Date "2017.04.29"]
[Round "9.71"]
[White "Buckley, David"]
[Black "Emms, John M"]
[Result "0-1"]
[WhiteElo "2244"]
[BlackElo "2464"]
[PlyCount "116"]
[EventDate "2016.11.19"]
[EventType "team-tourn"]
[EventRounds "11"]
[EventCountry "ENG"]
[SourceTitle "EXT 2019"]
[Source "ChessBase"]
[SourceDate "2018.10.10"]
[SourceVersion "1"]
[SourceVersionDate "2018.10.10"]
[SourceQuality "1"]
[WhiteTeam "Downend & Fishponds"]
[BlackTeam "KJCA Kings"]
[WhiteTeamCountry "ENG"]
[BlackTeamCountry "ENG"]

1. d4 Nf6 2. Bg5 Ne4 3. Bf4 d5 4. e3 c5 5. Bd3 Nf6 6. c3 Nc6 7. Nd2 g6 8. h3 Bg7 9. Ngf3 0-0 10. 0-0 Nd7 11. Bc2 e5 12. dxe5 Ndxe5 13. Nxe5 Nxe5 14. Nf3 Nxf3+ 15. Qxf3 Be6 16. Rfd1 Qb6 17. Rab1 Rac8 18. Bb3 Bf5 19. Rbc1 Be4 20. Qe2 c4 21. Ba4 h6 22. b4 a5 23. a3 axb4 24. axb4 Ra8 25. Bc2 Ra2 26. f3 Rxc2 27. Rxc2 Bxc2 28. Qxc2 g5 29. Bg3 Qxe3+ 30. Bf2 Qxc3 31. Qxc3 Bxc3 32. Rxd5 Bxb4 33. Bc5 Bxc5+ 34. Rxc5 Rb8 35. Rxc4 b5 36. Rb4 Kg7 37. Kf2 Kf6 38. Ke3 Ke5 39. h4 f6 40. hxg5 hxg5 41. Kd3 Rd8+ 42. Kc3 Rc8+ 43. Kd3 Rc5 44. g4 Kd5 45. f4 Kc6 46. fxg5 fxg5 47. Re4 Kb6 48. Re8 Rc4 49. Re5 Rxg4 50. Ke3 Ka5 51. Kf3 Rd4 52. Rxg5 Ka4 53. Ke3 Rd8 54. Rg7 b4 55. Rb7 b3 56. Ke2 Ka3 57. Ke3 b2 58. Ke2 Rd4 0-1

[Event "BCF-chT2a 1617 (4NCL)"]
[Site "England"]
[Date "2017.02.12"]
[Round "6.21"]
[White "Buckley, David"]
[Black "Birtwistle, Nigel"]
[Result "1/2-1/2"]
[WhiteElo "2274"]
[BlackElo "2142"]
[PlyCount "45"]
[EventDate "2016.11.19"]
[EventType "team-tourn"]
[EventRounds "11"]
[EventCountry "ENG"]
[SourceTitle "EXT 2019"]
[Source "ChessBase"]
[SourceDate "2018.10.10"]
[SourceVersion "1"]
[SourceVersionDate "2018.10.10"]
[SourceQuality "1"]
[WhiteTeam "Downend & Fishponds"]
[BlackTeam "Grantham Sharks II"]
[WhiteTeamCountry "ENG"]
[BlackTeamCountry "ENG"]

1. d4 Nf6 2. c4 g6 3. Nc3 Bg7 4. e4 d6 5. f4 0-0 6. Nf3 e5 7. fxe5 dxe5 8. d5 Na6 9. Bd3 Nc5 10. Bc2 a5 11. 0-0 Bd7 12. Nxe5 Nfxe4 13. Nxe4 Bxe5 14. Bg5 f6 15. Bh4 Nxe4 16. Bxe4 Qe7 17. Qd3 Rae8 18. Rae1 b6 19. Bxg6 hxg6 20. Rxe5 Qxe5 21. Qxg6+ Kh8 22. Qh6+ Kg8 23. Qg6+ 1/2-1/2

[Event "BCF-chT2a 1617 (4NCL)"]
[Site "England"]
[Date "2017.02.11"]
[Round "5.41"]
[White "Bullen, Alex"]
[Black "Buckley, David"]
[Result "1/2-1/2"]
[WhiteElo "2098"]
[BlackElo "2274"]
[PlyCount "44"]
[EventDate "2016.11.19"]
[EventType "team-tourn"]
[EventRounds "11"]
[EventCountry "ENG"]
[SourceTitle "EXT 2019"]
[Source "ChessBase"]
[SourceDate "2018.10.10"]
[SourceVersion "1"]
[SourceVersionDate "2018.10.10"]
[SourceQuality "1"]
[WhiteTeam "West is Best"]
[BlackTeam "Downend & Fishponds"]
[WhiteTeamCountry "ENG"]
[BlackTeamCountry "ENG"]

1. e4 c5 2. Nf3 Nc6 3. d4 cxd4 4. Nxd4 Nf6 5. Nc3 d6 6. g3 g6 7. Bg2 Bg7 8. Nxc6 bxc6 9. e5 dxe5 10. Qxd8+ Kxd8 11. Bxc6 Rb8 12. Be3 Kc7 13. Bg2 a6 14. 0-0-0 Bb7 15. f3 Ng4 16. Bc5 Bh6+ 17. Kb1 Ne3 18. Bxe3 Bxe3 19. Nd5+ Bxd5 20. Rxd5 Rhd8 21. Rhd1 Rd6 22. c3 Rbd8 1/2-1/2

[Event "BCF-chT2a 1617 (4NCL)"]
[Site "England"]
[Date "2016.11.19"]
[Round "1.21"]
[White "Webb, Richard M"]
[Black "Buckley, David"]
[Result "0-1"]
[WhiteElo "2252"]
[BlackElo "2274"]
[PlyCount "68"]
[EventDate "2016.11.19"]
[EventType "team-tourn"]
[EventRounds "11"]
[EventCountry "ENG"]
[SourceTitle "EXT 2019"]
[Source "ChessBase"]
[SourceDate "2018.10.10"]
[SourceVersion "1"]
[SourceVersionDate "2018.10.10"]
[SourceQuality "1"]
[WhiteTeam "CSC Dragons"]
[BlackTeam "Downend & Fishponds"]
[WhiteTeamCountry "ENG"]
[BlackTeamCountry "ENG"]

1. e4 c5 2. d4 cxd4 3. c3 dxc3 4. Nxc3 Nc6 5. Nf3 d6 6. Bc4 a6 7. 0-0 Nf6 8. Bf4 Bg4 9. h3 Bxf3 10. Qxf3 Ne5 11. Bxe5 dxe5 12. Rfd1 Qb8 13. Rac1 e6 14. Bb5+ axb5 15. Nxb5 Be7 16. Nc7+ Kf8 17. Nxa8 Qxa8 18. Qc3 g6 19. Qxe5 Rg8 20. Rc7 b6 21. f3 Ne8 22. Rcd7 Qxa2 23. Rb7 Qc4 24. Rdd7 Qc5+ 25. Qxc5 Bxc5+ 26. Kf1 Nd6 27. Rbc7 Kg7 28. e5 Nf5 29. Rxf7+ Kh6 30. f4 g5 31. g4 Ne3+ 32. Ke2 gxf4 33. Rxf4 Nd5 34. g5+ Kg6 0-1

[Event "BCF-chT2c 1516 (4NCL)"]
[Site "England"]
[Date "2016.03.20"]
[Round "8.221"]
[White "Hoffmann, Hendrik"]
[Black "Buckley, David"]
[Result "1/2-1/2"]
[WhiteElo "2284"]
[BlackElo "2267"]
[PlyCount "25"]
[EventDate "2015.11.14"]
[EventType "team-swiss"]
[EventRounds "11"]
[EventCountry "ENG"]
[SourceTitle "EXT 2017"]
[Source "ChessBase"]
[SourceDate "2016.10.25"]
[SourceVersion "1"]
[SourceVersionDate "2016.10.25"]
[SourceQuality "1"]
[WhiteTeam "Celtic Tigers"]
[BlackTeam "Downend & Fishponds"]
[WhiteTeamCountry "ENG"]
[BlackTeamCountry "ENG"]

1. e4 e6 2. d4 d5 3. Nd2 c5 4. exd5 Qxd5 5. Ngf3 cxd4 6. Bc4 Qd6 7. 0-0 Nf6 8. Nb3 Nc6 9. Nbxd4 Nxd4 10. Qxd4 Bd7 11. Bf4 Qxd4 12. Nxd4 Rc8 13. Bb3 1/2-1/2

[Event "BCF-chT2b 1516 (4NCL)"]
[Site "England"]
[Date "2015.11.14"]
[Round "1.15"]
[White "Walker, David John"]
[Black "Buckley, David"]
[Result "1/2-1/2"]
[WhiteElo "2300"]
[BlackElo "2253"]
[PlyCount "141"]
[EventDate "2015.11.14"]
[EventType "team-tourn"]
[EventRounds "7"]
[EventCountry "ENG"]
[SourceTitle "CBM 169 Extra"]
[Source "ChessBase"]
[SourceDate "2015.12.18"]
[SourceVersion "1"]
[SourceVersionDate "2015.12.18"]
[SourceQuality "1"]
[WhiteTeam "North East England"]
[BlackTeam "Downend & Fishponds"]
[WhiteTeamCountry "ENG"]
[BlackTeamCountry "ENG"]

1. c4 Nf6 2. g3 c6 3. Bg2 d5 4. Nf3 dxc4 5. 0-0 Nbd7 6. Na3 Nb6 7. Qc2 Be6 8. Ne5 Qd4 9. Nxc6 bxc6 10. Bxc6+ Bd7 11. Bxa8 Nxa8 12. Qxc4 Qb6 13. d3 e6 14. Be3 Qa5 15. Qb3 Nb6 16. Nc4 Qh5 17. Nxb6 axb6 18. Qxb6 Be7 19. Qb8+ Bd8 20. Bb6 0-0 21. Bxd8 Ng4 22. h4 Ne5 23. f3 Nc6 24. Qc7 Rxd8 25. Rac1 Qd5 26. Rc4 Rc8 27. Qf4 e5 28. Qe4 Qe6 29. f4 f5 30. Qe3 Rb8 31. b3 Qf6 32. Qf2 Re8 33. Rfc1 exf4 34. gxf4 Qg6+ 35. Qg2 Rxe2 36. Qxg6 hxg6 37. Rxc6 Bxc6 38. Rxc6 Rxa2 39. Rxg6 Rd2 40. Rd6 Rb2 41. Rd5 Rxb3 42. Kf2 g6 43. Ke3 Kf7 44. h5 Ke6 45. Re5+ Kf6 46. hxg6 Kxg6 47. Ra5 Rb4 48. Ra6+ Kf7 49. Rc6 Ke7 50. Rc4 Rb5 51. Ra4 Rb6 52. Ra5 Ke6 53. Re5+ Kf6 54. Rc5 Rd6 55. d4 Ra6 56. d5 Ra4 57. Rc6+ Kf7 58. Re6 Rb4 59. Re5 Rb3+ 60. Ke2 Kf6 61. Re3 Rb4 62. Re6+ Kf7 63. Ke3 Ra4 64. Re5 Ra3+ 65. Kd4 Ra4+ 66. Kc5 Rxf4 67. d6 Re4 68. Rxf5+ Ke6 69. Rh5 Re1 70. Rh6+ Kd7 71. Rh7+ 1/2-1/2

[Event "BCF-chT3 1415 (4NCL)"]
[Site "England"]
[Date "2015.03.21"]
[Round "7.65"]
[White "Polaczek, Richard"]
[Black "Buckley, David"]
[Result "1/2-1/2"]
[WhiteElo "2433"]
[BlackElo "2281"]
[PlyCount "75"]
[EventDate "2015.03.21"]
[EventType "team-swiss"]
[EventRounds "11"]
[EventCountry "ENG"]
[SourceTitle "EXT 2016"]
[Source "ChessBase"]
[SourceDate "2015.10.08"]
[SourceVersion "1"]
[SourceVersionDate "2015.10.08"]
[SourceQuality "1"]
[WhiteTeam "Broadland Bitterns"]
[BlackTeam "Downend & Fishponds"]
[WhiteTeamCountry "ENG"]
[BlackTeamCountry "ENG"]

1. d4 g6 2. Nf3 Bg7 3. e4 d6 4. Nc3 a6 5. Be3 b5 6. Bd3 Nd7 7. Ne2 c5 8. c3 Ngf6 9. 0-0 0-0 10. a4 Bb7 11. Ng3 c4 12. Bc2 e5 13. Re1 Re8 14. b4 d5 15. Bg5 Qc7 16. axb5 axb5 17. Rxa8 Bxa8 18. Bxf6 Nxf6 19. dxe5 Nxe4 20. Nxe4 dxe4 21. Bxe4 Bxe4 22. Rxe4 Qa7 23. h4 Qb8 24. Qe2 h6 25. Qe3 Qc7 26. Nd4 Qb7 27. f3 Qd5 28. h5 Rxe5 29. hxg6 fxg6 30. Kf2 Kh7 31. Rxe5 Bxe5 32. Ne2 Qd6 33. Qa7+ Kg8 34. Qa8+ Kg7 35. Qb7+ Kf6 36. Qxb5 Bxc3 37. Qxc4 Bxb4 38. Qf4+ 1/2-1/2

[Event "London Kings Place Rapid op 1st"]
[Site "London"]
[Date "2013.06.15"]
[Round "2"]
[White "Buckley, David"]
[Black "Jones, Gawain C B"]
[Result "0-1"]
[WhiteElo "2261"]
[BlackElo "2643"]
[PlyCount "54"]
[EventDate "2013.06.15"]
[EventType "swiss (rapid)"]
[EventRounds "6"]
[EventCountry "ENG"]
[SourceTitle "CBM 154 Extra"]
[Source "ChessBase"]
[SourceDate "2013.06.25"]
[SourceVersion "2"]
[SourceVersionDate "2013.06.25"]
[SourceQuality "1"]

1. d4 Nf6 2. c4 g6 3. Nc3 Bg7 4. e4 d6 5. Nf3 0-0 6. Be2 e5 7. Be3 Ng4 8. Bg5 f6 9. Bh4 g5 10. Bg3 Nh6 11. h4 g4 12. Nh2 f5 13. exf5 Nxf5 14. dxe5 Nxg3 15. fxg3 Bxe5 16. Nxg4 Bxg3+ 17. Kd2 Nc6 18. Nd5 Bxg4 19. Bxg4 Rf2+ 20. Kc1 Be5 21. Be2 Qf8 22. Rh3 Qh6+ 23. Kb1 Qg6+ 24. Rd3 Qe4 25. Bf3 Rxb2+ 26. Kc1 Qxc4+ 27. Nc3 Nb4 0-1

[Event "BCF-chT2b 1213 (4NCL)"]
[Site "England"]
[Date "2013.03.23"]
[Round "7.62"]
[White "Foord, Dominic"]
[Black "Buckley, David"]
[Result "0-1"]
[WhiteElo "2099"]
[BlackElo "2257"]
[PlyCount "56"]
[EventDate "2012.11.03"]
[EventType "team-tourn"]
[EventRounds "7"]
[EventCountry "ENG"]
[SourceTitle "EXT 2014"]
[Source "ChessBase"]
[SourceDate "2013.11.20"]
[SourceVersion "1"]
[SourceVersionDate "2013.11.20"]
[SourceQuality "1"]
[WhiteTeam "KJCA Kings"]
[BlackTeam "Bristol"]
[WhiteTeamCountry "ENG"]
[BlackTeamCountry "ENG"]

1. d4 Nf6 2. c4 e6 3. Nf3 d5 4. Nc3 dxc4 5. g3 a6 6. Bg2 b5 7. 0-0 Bb7 8. Qc2 c5 9. Rd1 Qb6 10. Bg5 Nbd7 11. e4 cxd4 12. Rxd4 Bc5 13. Rd2 h6 14. e5 Nd5 15. Nxd5 Bxd5 16. Rxd5 exd5 17. e6 fxe6 18. Qg6+ Kf8 19. Bh3 Re8 20. Kg2 hxg5 21. Re1 Rh6 22. Qxg5 b4 23. Nh4 Kg8 24. Nf5 Rh7 25. Qg6 Nf6 26. f4 Qc6 27. Nxg7 Rxg7 28. Qxf6 d4+ 0-1

[Event "BCF-chTd 1112 (4NCL)"]
[Site "England"]
[Date "2012.05.07"]
[Round "9.61"]
[White "Buckley, David"]
[Black "Mah, Karl"]
[Result "0-1"]
[WhiteElo "2245"]
[BlackElo "2419"]
[PlyCount "58"]
[EventDate "2011.11.12"]
[EventType "team-swiss"]
[EventRounds "11"]
[EventCountry "ENG"]
[SourceTitle "EXT 2013"]
[Source "ChessBase"]
[SourceDate "2012.11.22"]
[SourceVersion "1"]
[SourceVersionDate "2012.11.22"]
[SourceQuality "1"]
[WhiteTeam "Bristol"]
[BlackTeam "Cambridge"]
[WhiteTeamCountry "ENG"]
[BlackTeamCountry "ENG"]

1. d4 Nf6 2. c4 g6 3. Nc3 Bg7 4. Nf3 0-0 5. e4 d6 6. Be2 e5 7. 0-0 Nbd7 8. Be3 c6 9. Qc2 Qe7 10. Rad1 Kh8 11. Rfe1 Ng8 12. c5 dxc5 13. dxc5 Ndf6 14. b4 Ng4 15. Bg5 f6 16. Bc1 a5 17. Ba3 axb4 18. Bxb4 Be6 19. a4 f5 20. exf5 gxf5 21. h3 N4h6 22. a5 Nf7 23. Nd2 Qh4 24. Qb1 Ne7 25. Nf1 Rg8 26. Ng3 f4 27. Nge4 Bh6 28. Kh2 Rxg2+ 29. Kxg2 Bxh3+ 0-1

[Event "BCF-chTd 1112 (4NCL)"]
[Site "England"]
[Date "2012.05.07"]
[Round "11.172"]
[White "Rose, Matthew"]
[Black "Buckley, David"]
[Result "1-0"]
[WhiteElo "2282"]
[BlackElo "2245"]
[PlyCount "51"]
[EventDate "2011.11.12"]
[EventType "team-swiss"]
[EventRounds "11"]
[EventCountry "ENG"]
[SourceTitle "EXT 2013"]
[Source "ChessBase"]
[SourceDate "2012.11.22"]
[SourceVersion "1"]
[SourceVersionDate "2012.11.22"]
[SourceQuality "1"]
[WhiteTeam "Oxford"]
[BlackTeam "Bristol"]
[WhiteTeamCountry "ENG"]
[BlackTeamCountry "ENG"]

1. e4 Nf6 2. e5 Nd5 3. d4 d6 4. c4 Nb6 5. exd6 cxd6 6. Nc3 g6 7. Be3 Bg7 8. Rc1 0-0 9. b3 e5 10. dxe5 dxe5 11. Qxd8 Rxd8 12. c5 N6d7 13. Bc4 Nc6 14. Ne4 Na5 15. Be2 Nf8 16. Bg5 Rd4 17. Nd6 e4 18. Be3 Rd5 19. Nxe4 Be6 20. Nf3 h6 21. 0-0 Nd7 22. Nc3 Rxc5 23. Bxc5 Nxc5 24. b4 Ncb3 25. axb3 Nxb3 26. Nb5 1-0

[Event "BCF-chTd 1112 (4NCL)"]
[Site "England"]
[Date "2012.04.01"]
[Round "8.42"]
[White "Buckley, David"]
[Black "McDonald, Neil R"]
[Result "1-0"]
[WhiteElo "2245"]
[BlackElo "2457"]
[PlyCount "109"]
[EventDate "2011.11.12"]
[EventType "team-swiss"]
[EventRounds "11"]
[EventCountry "ENG"]
[SourceTitle "EXT 2013"]
[Source "ChessBase"]
[SourceDate "2012.11.22"]
[SourceVersion "1"]
[SourceVersionDate "2012.11.22"]
[SourceQuality "1"]
[WhiteTeam "Bristol"]
[BlackTeam "Wood Green Hilsmark II"]
[WhiteTeamCountry "ENG"]
[BlackTeamCountry "ENG"]

1. d4 f5 2. Bg5 h6 3. Bh4 g5 4. e4 Nf6 5. e5 e6 6. exf6 Qxf6 7. Bg3 f4 8. Nf3 Nc6 9. Bb5 Bg7 10. c3 a6 11. Bxc6 bxc6 12. Nbd2 d6 13. Qa4 Bd7 14. Qa5 fxg3 15. fxg3 Ra7 16. h4 gxh4 17. gxh4 Kd8 18. 0-0-0 Kc8 19. Rdf1 Qg6 20. h5 Qd3 21. Nh4 Be8 22. Rh3 Qe2 23. Rg3 Rh7 24. Ng6 c5 25. Nf4 Qb5 26. Qxb5 Bxb5 27. c4 Bd7 28. dxc5 Be5 29. Rg8+ Kb7 30. Ng6 Bd4 31. cxd6 cxd6 32. Nf8 Ra8 33. Rg6 Re7 34. Nxd7 Rxd7 35. Rxe6 Rg8 36. Rg6 Rdg7 37. Rxd6 Be3 38. Re1 Rg3 39. Rd3 Bf4 40. Rxg3 Rxg3 41. Re2 Rg5 42. Kc2 Rxh5 43. b4 Rh1 44. Nb3 Bd6 45. c5 Bf4 46. Kd3 h5 47. a4 h4 48. b5 axb5 49. axb5 Bc7 50. Re7 h3 51. gxh3 Rxh3+ 52. Kc4 Rh4+ 53. Nd4 Kc8 54. b6 Bg3 55. Kd3 1-0

[Event "BCF-chTa 1112 (4NCL)"]
[Site "England"]
[Date "2011.11.12"]
[Round "1.4"]
[White "Duncan, Christopher R"]
[Black "Buckley, David"]
[Result "0-1"]
[WhiteElo "2315"]
[BlackElo "2245"]
[PlyCount "60"]
[EventDate "2011.11.12"]
[EventType "team-tourn"]
[EventRounds "7"]
[EventCountry "ENG"]
[SourceTitle "EXT 2013"]
[Source "ChessBase"]
[SourceDate "2012.11.22"]
[SourceVersion "1"]
[SourceVersionDate "2012.11.22"]
[SourceQuality "1"]
[WhiteTeam "Blackthorne Russia"]
[BlackTeam "Bristol"]
[WhiteTeamCountry "ENG"]
[BlackTeamCountry "ENG"]

1. Nf3 Nf6 2. c4 c5 3. Nc3 Nc6 4. d4 cxd4 5. Nxd4 e6 6. g3 Qb6 7. Ndb5 Ne5 8. Bf4 Nfg4 9. e3 a6 10. h3 axb5 11. hxg4 Nxc4 12. Qc2 d5 13. Bg2 g6 14. 0-0 Bg7 15. Bxd5 0-0 16. Bxc4 bxc4 17. e4 Bd7 18. Rad1 Bc6 19. Rd2 Qa5 20. Kh2 f5 21. Bd6 Rf7 22. exf5 exf5 23. g5 h6 24. gxh6 Bxh6 25. f4 Rh7 26. Kg1 Qb6+ 27. Rff2 Bf8 28. Kf1 Bxd6 29. Rxd6 Rh1+ 30. Ke2 Re8+ 0-1

[Event "BCF-chT2 1011 (4NCL)"]
[Site "England"]
[Date "2011.05.02"]
[Round "11.12"]
[White "Bhatia, Kanwal K"]
[Black "Buckley, David"]
[Result "0-1"]
[WhiteElo "2087"]
[BlackElo "2237"]
[PlyCount "106"]
[EventDate "2010.11.06"]
[EventType "team-swiss"]
[EventRounds "11"]
[EventCountry "ENG"]
[SourceTitle "EXT 2012"]
[Source "ChessBase"]
[SourceDate "2011.11.24"]
[SourceVersion "1"]
[SourceVersionDate "2011.11.24"]
[SourceQuality "1"]
[WhiteTeam "Barbican Youth"]
[BlackTeam "Bristol"]
[WhiteTeamCountry "ENG"]
[BlackTeamCountry "ENG"]

1. e4 Nf6 2. e5 Nd5 3. d4 d6 4. Nf3 g6 5. Bc4 Nb6 6. Bb3 Bg7 7. 0-0 0-0 8. Re1 Nc6 9. exd6 Qxd6 10. c3 Bf5 11. Nh4 Bd7 12. Nd2 e6 13. Ne4 Qe7 14. Bg5 f6 15. Bd2 Rae8 16. Nc5 Nd8 17. Qg4 g5 18. Nf5 Qf7 19. Ng3 h6 20. Nf5 Kh7 21. Qg3 Bc8 22. h4 Nd5 23. Nxg7 Qxg7 24. hxg5 hxg5 25. Bc2+ Kg8 26. f3 c6 27. Kf2 Nf7 28. Ne4 Ne7 29. Rh1 Nf5 30. Qh3 Nh8 31. Rh2 Ng6 32. Rah1 Rd8 33. g3 Kf7 34. Bb3 Ke7 35. g4 Rh8 36. Qf1 Rxh2+ 37. Rxh2 Nfh4 38. Qe1 Rh8 39. Rh1 b6 40. c4 Re8 41. Bb4+ Kd7 42. d5 exd5 43. cxd5 Bb7 44. Qc3 Rxe4 45. dxc6+ Bxc6 46. Rd1+ Kc7 47. fxe4 Kb7 48. Bd5 Ne5 49. Bd6 Nhg6 50. Be6 Qh7 51. Kg1 Nf4 52. Bc4 Qxe4 53. Bf1 Ne2+ 0-1

[Event "BCF-chT2 1011 (4NCL)"]
[Site "England"]
[Date "2011.05.01"]
[Round "10.22"]
[White "Buckley, David"]
[Black "Williams, Simon Kim"]
[Result "1/2-1/2"]
[WhiteElo "2237"]
[BlackElo "2507"]
[PlyCount "123"]
[EventDate "2010.11.06"]
[EventType "team-swiss"]
[EventRounds "11"]
[EventCountry "ENG"]
[SourceTitle "EXT 2012"]
[Source "ChessBase"]
[SourceDate "2011.11.24"]
[SourceVersion "1"]
[SourceVersionDate "2011.11.24"]
[SourceQuality "1"]
[WhiteTeam "Bristol"]
[BlackTeam "Jutes of Kent"]
[WhiteTeamCountry "ENG"]
[BlackTeamCountry "ENG"]

1. d4 e6 2. e4 d5 3. Nd2 Nf6 4. e5 Nfd7 5. Bd3 c5 6. c3 Nc6 7. Ne2 cxd4 8. cxd4 f6 9. Nf4 Nxd4 10. Qh5+ Ke7 11. exf6+ Nxf6 12. Ng6+ hxg6 13. Qxh8 Kf7 14. Qh4 e5 15. Nf3 Nxf3+ 16. gxf3 Be6 17. Rg1 e4 18. fxe4 dxe4 19. Be2 Bb4+ 20. Kf1 Qh8 21. Qxh8 Rxh8 22. Rg5 Bh3+ 23. Kg1 Bd6 24. Rg3 Bxg3 25. hxg3 Bg4 26. Bxg4 Nxg4 27. Bf4 g5 28. Be3 Nxe3 29. fxe3 Rc8 30. g4 Rc2 31. Rf1+ Ke6 32. Rf2 Rc1+ 33. Rf1 Rc8 34. Rf2 g6 35. Kg2 b5 36. Rd2 a5 37. Kg3 Rc1 38. Kg2 a4 39. a3 Rc8 40. Kg3 Ke5 41. Kg2 Rf8 42. Rf2 Rd8 43. Rc2 Rd7 44. Kg3 Rd5 45. Kf2 Ke6 46. Rc6+ Kd7 47. Rc2 Rd1 48. Kg2 Kd6 49. Kf2 Rh1 50. Kg2 Rh4 51. Kg3 Rh8 52. Kg2 Kd5 53. Rd2+ Ke5 54. Kg3 Rf8 55. Rf2 Rd8 56. Rc2 Rd1 57. Kf2 Kd5 58. Kg2 Kd6 59. Kf2 Kd7 60. Kg2 Rd6 61. Kg3 Ke6 62. Kf2 1/2-1/2

[Event "BCF-chT2 1011 (4NCL)"]
[Site "England"]
[Date "2011.01.16"]
[Round "4.82"]
[White "Buckley, David"]
[Black "Ashton, Adam"]
[Result "0-1"]
[WhiteElo "2237"]
[BlackElo "2330"]
[PlyCount "82"]
[EventDate "2010.11.06"]
[EventType "team-swiss"]
[EventRounds "11"]
[EventCountry "ENG"]
[SourceTitle "EXT 2012"]
[Source "ChessBase"]
[SourceDate "2011.11.24"]
[SourceVersion "1"]
[SourceVersionDate "2011.11.24"]
[SourceQuality "1"]
[WhiteTeam "Bristol"]
[BlackTeam "3CS Oldham"]
[WhiteTeamCountry "ENG"]
[BlackTeamCountry "ENG"]

1. d4 d5 2. c4 e6 3. Nc3 c6 4. Nf3 dxc4 5. e3 b5 6. a4 Bb4 7. Bd2 a5 8. axb5 Bxc3 9. Bxc3 cxb5 10. b3 Bb7 11. bxc4 b4 12. Bb2 Nf6 13. Bd3 Nbd7 14. 0-0 0-0 15. c5 Bc6 16. Bc2 Qc7 17. Ba4 Ne4 18. Bxc6 Qxc6 19. Qa4 Rfc8 20. Qxc6 Rxc6 21. Ra4 Ndxc5 22. dxc5 Nxc5 23. Raa1 a4 24. Bd4 Nb3 25. Rab1 f6 26. Rfd1 e5 27. Ba1 Nxa1 28. Rxa1 a3 29. Nd2 a2 30. Kf1 Ra3 31. Nb3 Rc3 32. Rd2 Rcxb3 33. Raxa2 Kf7 34. Rd7+ Kg6 35. Rad2 Rb1+ 36. Ke2 b3 37. Kd3 Rg1 38. Kc3 Rxg2 39. h4 Ra2 40. Kxb3 Rxd2 41. Rxd2 Rh2 0-1

[Event "BCF-chT2 1011 (4NCL)"]
[Site "England"]
[Date "2010.11.06"]
[Round "1.63"]
[White "Wittmann, Jochen"]
[Black "Buckley, David"]
[Result "0-1"]
[WhiteElo "2202"]
[BlackElo "2237"]
[PlyCount "94"]
[EventDate "2010.11.06"]
[EventType "team-swiss"]
[EventRounds "11"]
[EventCountry "ENG"]
[SourceTitle "EXT 2012"]
[Source "ChessBase"]
[SourceDate "2011.11.24"]
[SourceVersion "1"]
[SourceVersionDate "2011.11.24"]
[SourceQuality "1"]
[WhiteTeam "Kings Head"]
[BlackTeam "Bristol"]
[WhiteTeamCountry "ENG"]
[BlackTeamCountry "ENG"]

1. e4 Nf6 2. Nc3 d5 3. e5 Nfd7 4. e6 fxe6 5. d4 c5 6. Nf3 Nc6 7. Be3 e5 8. dxe5 d4 9. e6 Nf6 10. Ng5 dxc3 11. Bc4 cxb2 12. Rb1 Qxd1+ 13. Rxd1 a6 14. a4 b1Q 15. Rxb1 Ne5 16. Be2 h6 17. Nf3 Nxf3+ 18. Bxf3 Bxe6 19. Bxb7 Rd8 20. Bxc5 Bc4 21. Rb4 Bd5 22. Bxa6 e6 23. Bxf8 Rxf8 24. 0-0 Ke7 25. c4 Be4 26. c5 Rb8 27. Bb5 Rfc8 28. Rc1 Bc6 29. Rbb1 Nd7 30. Kf1 Bxb5+ 31. axb5 Rxc5 32. Rxc5 Nxc5 33. Ke2 Rb6 34. Ke3 e5 35. f4 exf4+ 36. Kxf4 Ne6+ 37. Kg4 g6 38. h4 Nd4 39. Re1+ Kf6 40. Rf1+ Ke6 41. Re1+ Kf7 42. Rf1+ Kg7 43. Rd1 Nxb5 44. Rd7+ Kf6 45. Rh7 h5+ 46. Kf4 Nd6 47. Rd7 Nf5 0-1

[Event "4NCL-ch rapid"]
[Site "Newport Pagnell"]
[Date "2010.10.10"]
[Round "6"]
[White "Buckley, David"]
[Black "Jones, Gawain C B"]
[Result "0-1"]
[WhiteElo "2237"]
[BlackElo "2576"]
[PlyCount "102"]
[EventDate "2010.10.10"]
[EventType "swiss (rapid)"]
[EventRounds "9"]
[EventCountry "ENG"]
[SourceTitle "CBM 138 Extra"]
[Source "ChessBase"]
[SourceDate "2010.10.29"]
[SourceVersion "1"]
[SourceVersionDate "2010.10.29"]
[SourceQuality "1"]

1. d4 Nf6 2. c4 g6 3. Nc3 Bg7 4. e4 d6 5. Be2 0-0 6. Nf3 e5 7. 0-0 Nbd7 8. Be3 c6 9. d5 c5 10. Nd2 Kh8 11. a3 Ng8 12. b4 Bh6 13. Bxh6 Nxh6 14. Nb3 b6 15. Qd2 Ng8 16. Nb5 Qe7 17. bxc5 Nxc5 18. Nxc5 bxc5 19. Qa5 a6 20. Nc3 f5 21. Bd3 f4 22. f3 g5 23. Na4 g4 24. Nb6 Qd8 25. Rab1 Rb8 26. Rb2 Rf7 27. Rfb1 Rfb7 28. Bc2 g3 29. h3 Qh4 30. Na4 Bxh3 31. gxh3 Qxh3 32. Qd2 g2 33. Qxg2 Rg7 34. Qxg7+ Kxg7 35. Rxb8 Qg3+ 36. Kf1 Qxf3+ 37. Ke1 Qg3+ 38. Kd1 Qg1+ 39. Kd2 Qe3+ 40. Kd1 f3 41. R1b7+ Kh8 42. Rf8 f2 43. Rxf2 Qxf2 44. Nb6 h5 45. Nc8 Qg1+ 46. Kd2 Qg5+ 47. Kd3 Qd8 48. Na7 h4 49. Nc6 Qg5 50. Rb8 h3 51. Nd8 Qf6 0-1